000 00973nmm a2200301 a 4500
001 ocm000779982
003 TR-IsHL
005 20201028124018.0
008 130902s2011 tu tur
007 cr cn
020 _a9789758890736
035 _a779982
_b(N$T)
050 0 4 _aHD59
_b.D86 2011
090 0 4 _aHD59
_b.D86 2011
245 1 0 _aDünden bugüne halkla ilişkiler
_h[electronic resource] /
_cAlaeddin Asna...[ve öte.] ; ed. Metin Işık, Mustafa Akdağ
250 _a1.bs.
260 _aKonya :
_bEğitim Akademi Yayınevi,
_c2011
300 _a288 p.
650 4 _aMedya ve İletişim
650 4 _aCommunication & Media
650 0 _aHalkla ilişkiler
650 0 _aPublic relations
650 7 _aBUSINESS & ECONOMICS / Public Relations
_2bisacsh
700 1 _aAsna, Alaeddin
700 1 _aIşık, Metin
700 1 _aAkdağ, Mustafa
856 4 0 _uhttp://search.ebscohost.com/login.aspx?direct=true&scope=site&db=e011xww&AN=779982
999 _c2724
_d2724